Đang tải...
Research methods in economics and business
| Tác giả chính: | |
|---|---|
| Tác giả khác: | |
| Định dạng: | Printed Book |
| Ngôn ngữ: | English |
| Được phát hành: |
London
Macmillan company
1962
|
| Những chủ đề: |
| LEADER | 00557nam a22001697a 4500 | ||
|---|---|---|---|
| 005 | 20151215125128.0 | ||
| 008 | 091030t xxu||||| |||| 00| 0 eng d | ||
| 082 | |a 001.42 |b FER | ||
| 100 | |a Ferber, Robert |9 6391 | ||
| 245 | |a Research methods in economics and business | ||
| 300 | |a xiv, 572p. | ||
| 653 | |a Research methods | ||
| 700 | |a Verdoorn, P.J. |9 6390 | ||
| 942 | |c BK |6 _ | ||
| 260 | |b Macmillan company |c 1962 |a London | ||
| 999 | |c 97778 |d 97778 | ||
| 952 | |0 0 |1 0 |2 ddc |4 0 |6 00142_FER |7 0 |9 123196 |a SMS |b SMS |c GEN |d 2009-10-30 |o 001.42 FER |p SMS004993 |r 2009-10-30 |w 2009-10-30 |y BK | ||